|
|
|
|
| LEADER |
01945nam a2200433 i 4500 |
| 001 |
EBC5217332 |
| 003 |
MiAaPQ |
| 005 |
20200520144314.0 |
| 006 |
m o d | |
| 007 |
cr cnu|||||||| |
| 008 |
180209t20172017ne ob 000 0 eng d |
| 020 |
|
|
|z 9789086863013
|
| 020 |
|
|
|a 9789086868445 (e-book)
|
| 035 |
|
|
|a (MiAaPQ)EBC5217332
|
| 035 |
|
|
|a (Au-PeEL)EBL5217332
|
| 035 |
|
|
|a (CaPaEBR)ebr11497207
|
| 035 |
|
|
|a (OCoLC)1017862188
|
| 040 |
|
|
|a MiAaPQ
|b eng
|e rda
|e pn
|c MiAaPQ
|d MiAaPQ
|
| 043 |
|
|
|a e------
|
| 050 |
|
4 |
|a HD9015.A2
|b .I87 2017
|
| 082 |
0 |
|
|a 338.194
|2 23
|
| 245 |
0 |
0 |
|a It's a jungle out there :
|b the strange animals of economic organization in agri-food value chains /
|c edited by Gaetano Martino [and four others].
|
| 264 |
|
1 |
|a Wageningen, The Netherlands :
|b Wageningen Academic Publishers,
|c 2017.
|
| 264 |
|
4 |
|c 2017
|
| 300 |
|
|
|a 1 online resource (396 pages)
|
| 336 |
|
|
|a text
|2 rdacontent
|
| 337 |
|
|
|a computer
|2 rdamedia
|
| 338 |
|
|
|a online resource
|2 rdacarrier
|
| 504 |
|
|
|a Includes bibliographical references at the end of each chapters.
|
| 588 |
|
|
|a Description based on online resource; title from PDF title page (EBC, viewed February 9, 2018).
|
| 590 |
|
|
|a Electronic reproduction. Ann Arbor, MI : ProQuest, 2016. Available via World Wide Web. Access may be limited to ProQuest affiliated libraries.
|
| 650 |
|
0 |
|a Food industry and trade
|z Europe.
|
| 650 |
|
0 |
|a Agriculture
|x Economic aspects
|z Europe.
|
| 650 |
|
0 |
|a Industrial organization (Economic theory)
|
| 655 |
|
4 |
|a Electronic books.
|
| 700 |
1 |
|
|a Martino, Gaetano,
|e editor.
|
| 776 |
0 |
8 |
|i Print version:
|t It's a jungle out there : the strange animals of economic organization in agri-food value chains.
|d Wageningen, The Netherlands : Wageningen Academic Publishers, c2017
|h 293 pages
|z 9789086863013
|
| 797 |
2 |
|
|a ProQuest (Firm)
|
| 856 |
4 |
0 |
|u https://ebookcentral.proquest.com/lib/matrademy/detail.action?docID=5217332
|z Click to View
|